ਸ੍ਰੀ ਗੁਰੂ ਗ੍ਰੰਥ ਪ੍ਰਕਾਸ਼ / (Record no. 110523)

MARC details
000 -LEADER
fixed length control field 01042nam a22002537a 4500
005 - DATE AND TIME OF LATEST TRANSACTION
control field 20170123164153.0
010 ## - LIBRARY OF CONGRESS CONTROL NUMBER
LC control number B-125110
020 ## - INTERNATIONAL STANDARD BOOK NUMBER
Terms of availability 200.00
International Standard Book Number 9788172053048
035 ## - SYSTEM CONTROL NUMBER
System control number B-125110
037 ## - SOURCE OF ACQUISITION
Stock number Cen Lib / Ret
040 ## - CATALOGING SOURCE
Original cataloging agency DPL
Language of cataloging PN
082 ## - DEWEY DECIMAL CLASSIFICATION NUMBER
Classification number 260.2
Item number ਪਿਆਰਾ
100 ## - MAIN ENTRY--PERSONAL NAME
Personal name ਪਿਆਰਾ ਸਿੰਘ ਪਦਮ
9 (RLIN) 51202
245 ## - TITLE STATEMENT
Title ਸ੍ਰੀ ਗੁਰੂ ਗ੍ਰੰਥ ਪ੍ਰਕਾਸ਼ /
Statement of responsibility, etc ਪਿਆਰਾ ਸਿੰਘ ਪਦਮ
246 ## - VARYING FORM OF TITLE
Title proper/short title Sri guru granth prakash : a comprehensive study of the sikh scripture /
Remainder of title by Piara Singh Padam
260 ## - PUBLICATION, DISTRIBUTION, ETC. (IMPRINT)
Place of publication, distribution, etc ਅੰਮ੍ਰਿਤਸਰ
Name of publisher, distributor, etc ਸਿੰਘ ਬਦਰਜ਼
Date of publication, distribution, etc 2004
270 ## - ADDRESS
Address ਬਜ਼ਾਰ ਮਾਈ ਸੇਵਾਂ
City ਅੰਮ੍ਰਿਤਸਰ
Postal code 143006
300 ## - PHYSICAL DESCRIPTION
Extent 295p.
Dimensions 22cm(Hb)
650 ## - SUBJECT ADDED ENTRY--TOPICAL TERM
Topical term or geographic name as entry element ਪੰਜਾਬੀ ਸਾਹਿਤ
Chronological subdivision
9 (RLIN) 141324
650 ## - SUBJECT ADDED ENTRY--TOPICAL TERM
Topical term or geographic name as entry element ਸਿਖ -- ਧਰ੍ਮ
9 (RLIN) 3671
650 ## - SUBJECT ADDED ENTRY--TOPICAL TERM
Topical term or geographic name as entry element Literature -- punjabi
9 (RLIN) 141325
650 ## - SUBJECT ADDED ENTRY--TOPICAL TERM
Topical term or geographic name as entry element Punjabi -- religion
9 (RLIN) 9921
942 ## - ADDED ENTRY ELEMENTS (KOHA)
Source of classification or shelving scheme Dewey Decimal Classification
Koha item type Punjabi Bks
Classification part 260.2
Call number suffix ਪਿਆਰਾ
Holdings
Withdrawn status Lost status Damaged status Not for loan Home library Current library Date acquired Source of acquisition Cost, normal purchase price Total Checkouts Full call number Barcode Date last seen Copy number Cost, replacement price Price effective from Koha item type
        Central Library Central Library 29/01/2016 Cen Lib/Ret 200.00   260.2 ਪਿਆਰਾ B-125110 29/01/2016 1 200.00 29/01/2016 Punjabi Bks

© Delhi Public Library
Hit Counter
free hit counter